00940nam a2200289 c 450000500170000000800410001702000180005804000740007604100080015024500670015825000110022526000360023630000180027249000540029050400530034465000230039765000330042065000230045365000150047665000110049165000250050265000170052765000250054465000250056965000240059470000320061820201111140009.0130821s2008 sp grff spa  a9788481641898 aCo-BoUCMbspacDeissy Garcia (modificó)dDeissy Garcia (modificó)0 aspa00aManual de ciencia políticacedición de Rafael del Águila a4a.Ed. aMadrid (España)bTrottac2008 a514 páginas 0aColección estructuras.aSerie ciencias sociales aIncluye referencias bibliográficas e índices04aCiencia política04aCiencia políticavManuales04aCultura política04aDemocracia04aEstado04aMovimientos sociales04aNacionalismo04aPartidos políticos04aSistemas electorales04aTeoría política1 aÁguila, Rafael deld1953-